000 00661nam a2200253Ia 4500
003 GCL
008 140319s9999 xx 000 0 eng d
040 _aGCL /
_cGCL
082 0 4 _a004.6
_bP E
100 1 _aPITTER, KEIKO
245 1 0 _aEVERY STUDENT'S GUIDE TO THE INTERNET: WINDOWS VERSION /
_cPITTER, KEIKO
700 1 _aAMATO, SARA
700 1 _aCALLAHAN, JOHN
700 1 _aKERR, NIGEL
700 1 _aTILTON, NIGEL
700 1 _aTILTON, ERIC
700 1 _aMINATO, ROBERT
260 _a[S.N] :
_bMC GRAW - HILL ،
_c1995
300 _a196 P
650 0 4 _aشعر الحرب
650 0 4 _aCOMMUNICATION
650 0 4 _aINTERNET
942 _2ddc
_cBK
999 _c13354
_d13354